Top Five Countries By Oil Production - Statistics

General Stats
  • This quiz has been taken 1,378 times
    1,371 since last reset
  • The average score is 23 of 30
Answer Stats
Country % Correct
United States
99%
China
95%
Italy
95%
Spain
94%
Russia
93%
Brazil
92%
India
91%
Canada
90%
Greece
90%
France
89%
Indonesia
89%
Saudi Arabia
89%
Mexico
88%
Turkey
85%
Japan
81%
Argentina
79%
Portugal
78%
Germany
76%
Vietnam
76%
Thailand
75%
Colombia
74%
Iraq
74%
Malaysia
73%
Ukraine
69%
Philippines
68%
South Africa
63%
Nigeria
59%
Myanmar
46%
Hungary
17%
Senegal
13%
No matching quizzes found
Score Distribution
Percent of People with Each Score
Percentile by Number Answered
Your Score History
You have not taken this quiz since the last reset